| 000 | 00678nam a2200205 i 4500 | ||
|---|---|---|---|
| 001 | 75661 | ||
| 003 | ES-MaACL | ||
| 005 | 20230906172535.0 | ||
| 007 | t| | ||
| 008 | 040927s1944 ag |||| | spa d | ||
| 245 | 0 | 0 |
_aGrandes aforistas _b: Marco Aurelio, Gracián, La Rochefoucauld, Habbel, Nietzsche, Oscar Wilde / _c[selección, traducción y notas preliminares por Ricardo Baeza]. |
| 260 |
_aBuenos Aires : _bEmecé, _c1944. |
||
| 300 |
_a292 p. ; _c18 cm. |
||
| 490 | 1 | _aEmecé | |
| 650 | 1 | 4 |
_aMáximas y aforismos. _914865 |
| 700 | 1 |
_aBaeza, Ricardo, _d1890-1956 _924620 |
|
| 830 | 0 |
_aEmecé _9227253 |
|
| 852 |
_aES-MaACL _jB-12921 |
||
| 999 |
_c75661 _d75661 |
||